Most Common Haitian Last Names - Statistics

General Stats
  • This quiz has been taken 13 times
  • The average score is 9 of 40
Answer Stats
Letter Answer # % Correct
J Jean 668,437
100%
P Pierre 622,959
85%
L Louis 274,612
62%
J Joseph 521,600
54%
P Paul 114,483
54%
J Jacques 37,210
46%
C Charles 238,627
38%
F Francois 142,435
38%
A Augustin 89,732
31%
B Baptiste 31,249
31%
J Jean-Baptiste 52,728
31%
M Michel 114,381
31%
N Noel 87,982
31%
S Saint 89,446
31%
T Toussaint 78,274
23%
A Alexis 69,148
15%
D Desir 62,009
15%
E Etienne 95,453
15%
J Jules 36,080
15%
L Laguerre 48,936
15%
M Moise 38,742
15%
P Petit 29,872
15%
R Rene 29,371
15%
A Alexandre 47,082
8%
A Antoine 79,817
8%
A Auguste 58,054
8%
B Bien-Aime 31,735
8%
C Chery 84,432
8%
G Gabriel 29,122
8%
G Germain 37,820
8%
G Guerrier 40,059
8%
J Jean-Louis 36,010
8%
V Victor 37,660
8%
C Cadet 54,089
0%
F Felix 32,124
0%
G Georges 46,108
0%
L Louissaint 29,660
0%
M Marcelin 30,431
0%
S Saintil 33,055
0%
S Sanon 43,926
0%
No matching quizzes found
Score Distribution
Percent of People with Each Score
Percentile by Number Answered
Your Score History
You have not taken this quiz